000 00210 a2200097 4500
001 11891
100 _aCarter, a
245 _aAuthority and demoeracy
260 _a
_bRoutledge & Kegan
_c
090 _c9146
_d9146
942 _aNUST-CAE
_cM
_c35985
999 _c246964
_d246964